Sea surveying (Record no. 95557)
[ view plain ]
| 000 -LEADER | |
|---|---|
| fixed length control field | 00449cam a2200193 4500 |
| 001 - CONTROL NUMBER | |
| control field | D5846 |
| 008 - FIXED-LENGTH DATA ELEMENTS--GENERAL INFORMATION | |
| fixed length control field | 090401t1975 xxu||||| |||| 00| 0 eng d |
| 035 ## - SYSTEM CONTROL NUMBER | |
| System control number | (Sirsi) u73149 |
| 041 ## - LANGUAGE CODE | |
| Language code of text/sound track or separate title | eng |
| 050 ## - LIBRARY OF CONGRESS CALL NUMBER | |
| Classification number | 526.99 |
| 100 ## - MAIN ENTRY--PERSONAL NAME | |
| Personal name | Ingham, Alan E (ed) |
| 245 ## - TITLE STATEMENT | |
| Title | Sea surveying |
| 260 ## - PUBLICATION, DISTRIBUTION, ETC. | |
| Place of publication, distribution, etc. | London |
| Name of publisher, distributor, etc. | Wiley |
| Date of publication, distribution, etc. | 1975 |
| 300 ## - PHYSICAL DESCRIPTION | |
| Extent | 2v. 26cm |
| 350 ## - PRICE (NR) (BK AM CF MU VM SE) [OBSOLETE] | |
| Price | 0 |
| 520 ## - SUMMARY, ETC. | |
| Summary, etc. | Text and illustrations in separate volumes |
| 942 ## - ADDED ENTRY ELEMENTS (KOHA) | |
| Suppress in OPAC | 0 |
| 948 ## - LOCAL PROCESSING INFORMATION (OCLC); SERIES PART DESIGNATOR (RLIN) | |
| c (OCLC) | 04/03/1997 |
| Withdrawn status | Lost status | Source of classification or shelving scheme | Damaged status | Not for loan | Home library | Current library | Shelving location | Date acquired | Total Checkouts | Full call number | Barcode | Date last seen | Date last checked out | Copy number | Price effective from | Koha item type |
|---|---|---|---|---|---|---|---|---|---|---|---|---|---|---|---|---|
| Dewey Decimal Classification | London | London | Books | 14/09/1999 | 1 | 526.99 | 30017443 | 06/08/2019 | 04/05/2000 | 1 | 06/08/2019 | Book | ||||
| Dewey Decimal Classification | London | London | Books | 14/09/1999 | 2 | 526.99 | 30017447 | 06/08/2019 | 24/05/2004 | 2 | 06/08/2019 | Book |